| 000 | 00534nam a2200145 4500 | ||
|---|---|---|---|
| 082 | _aMS-CSE-2 ZEE | ||
| 100 |
_aZeeshan Asif _9106164 |
||
| 245 | _a Channel Assignment in Non-Cooperative coexisting collocated independent cognitive radio networks | ||
| 260 |
_aIslamabad _bNust School of Electrical Engineering and Computer Science _c2013 |
||
| 300 |
_a49p _eCD-ROM |
||
| 500 | _aSupervisor:Dr.Junaid Qadir | ||
| 700 |
_aZeeshan Asif _9106164 |
||
| 856 | _uhttp://10.250.8.41:8080/xmlui/handle/123456789/31904 | ||
| 942 |
_cPR _2ddc |
||
| 999 |
_c12273 _d12273 |
||